Green Goblin - Portrayals by Picture - Statistics

General Stats
  • This quiz has been taken 7 times
  • The average score is 7 of 23
Answer Stats
Picture Answer % Correct
Willem Dafoe
100%
Jorma Taccone
40%
Neil Ross
40%
Neil Ross
40%
Nolan North
40%
Rino Romano
40%
Steve Blum
40%
Alan Ratchins
20%
Dane DeHaan
20%
Dennis Marks
20%
Gary Imhoff
20%
Hiroshi Yanaka / Dave Wittenberg
20%
Ian Ziering
20%
James Arnold Taylor
20%
James Franco
20%
Jim Cummings
20%
Josh Keaton
20%
JP Karliak
20%
Len Carlson
20%
Matt Lanter
20%
Max Mittelman
20%
Steven Weber
20%
Yusuke Numata / Kirk Thornton
20%
No matching quizzes found
Score Distribution
Percent of People with Each Score
Percentile by Number Answered
Your Score History
You have not taken this quiz